German History A-Z - Statistics

General Stats
  • This quiz has been taken 24,668 times
  • The average score is 18 of 26
Answer Stats
Hint Answer % Correct
O First name of "Iron Chancellor" von Bismarck Otto
90%
J Country which declared war on Germany in 1914 and promptly seized most of its Pacific possessions Japan
89%
L Monk who started the Protestant Reformation in 1517 Martin Luther
89%
A What Karl Benz invented in 1885 Automobile
87%
N City which was the site of Nazi rallies, and later, war crimes tribunals Nuremberg
87%
G Brothers who collected and popularized fairy tales such as "Cinderella" Grimm
86%
R River that separated the Roman Empire from the Germanic tribes Rhine
84%
B Capital of West Germany Bonn
83%
M Bearded 19th century philosopher who inspired many 20th century revolutions Karl Marx
78%
C Great Frankish emperor who ruled much of France and Germany from his capital at Aachen Charlemagne
75%
W Common name for the German republic between 1918–1933 {Weimar} Republic
73%
X Discovered in 1895, they are also known as Röntgen radiation X-Rays
71%
Z Hydrogen filled airship that fell into disuse after the Hindenburg disaster Zeppelin
71%
F Great King of Prussia who ruled from 1740–1786 Frederick
69%
D Former name of the city now known as Gdańsk Danzig
67%
S Germanic tribe that invaded England in the 400s Saxons
67%
H According to a 1516 Bavarian law, beer can include only water, barley, and these Hops
65%
E Germany had this kind of "miracle" following WWII Economic
64%
I German military decoration introduced in 1813 and retired in 1945 Iron Cross
62%
U Germany's first one of these was established at Heidelberg in 1386 University
55%
Y Pagan holiday whose traditions were incorporated into Christmas celebrations Yule
54%
P Stereotypically German food which was commonly used as the emblem of baker's guilds Pretzel
48%
T Group of Crusaders that conquered the Baltic countries and converted them to Christianity {Teutonic} Knights
47%
V In 1944, this rocket became the first man-made object to travel into space V-2
43%
K City annexed by Russia during WWII and renamed Kaliningrad Königsberg
42%
Q Chinese city occupied by Germany from 1898–1914. Today it is the home of China's second largest beer brewery. Qingdao
30%
No matching quizzes found
Score Distribution
Percent of People with Each Score
Percentile by Number Answered
Your Score History
You have not taken this quiz